<?xml version="1.0" encoding="UTF-8"?>
<record
    xmlns:xsi="http://www.w3.org/2001/XMLSchema-instance"
    xsi:schemaLocation="http://www.loc.gov/MARC21/slim http://www.loc.gov/standards/marcxml/schema/MARC21slim.xsd"
    xmlns="http://www.loc.gov/MARC21/slim">

  <leader>01325    a2200253   4500</leader>
  <controlfield tag="005">20180907135641.0</controlfield>
  <controlfield tag="008">090305t        xxu||||| |||| 00| 0 hin d</controlfield>
  <datafield tag="010" ind1=" " ind2=" ">
    <subfield code="a">B-286579-586</subfield>
  </datafield>
  <datafield tag="020" ind1=" " ind2=" ">
    <subfield code="a">9788190482288</subfield>
    <subfield code="c">300.00</subfield>
  </datafield>
  <datafield tag="035" ind1=" " ind2=" ">
    <subfield code="a">B-317742</subfield>
  </datafield>
  <datafield tag="035" ind1=" " ind2=" ">
    <subfield code="a">B-286579-586, B-286583</subfield>
  </datafield>
  <datafield tag="037" ind1=" " ind2=" ">
    <subfield code="b">&#x907;&#x902;&#x921;&#x93F;&#x92F;&#x93E; &#x921;&#x93F;&#x91C;&#x940;&#x91F;&#x932; &#x92A;&#x92C;&#x94D;&#x932;&#x93F;&#x936;&#x930;&#x94D;&#x938;</subfield>
  </datafield>
  <datafield tag="040" ind1=" " ind2=" ">
    <subfield code="a">dpl</subfield>
    <subfield code="b">hn</subfield>
  </datafield>
  <datafield tag="082" ind1=" " ind2=" ">
    <subfield code="a">&#x915;</subfield>
  </datafield>
  <datafield tag="100" ind1=" " ind2=" ">
    <subfield code="a">&#x92C;&#x93E;&#x932;&#x940;, &#x907;&#x928;&#x94D;&#x926;&#x941;</subfield>
  </datafield>
  <datafield tag="245" ind1=" " ind2=" ">
    <subfield code="a">&#x936;&#x93F;&#x935;-&#x928;&#x947;&#x924;&#x94D;&#x930; &#x924;&#x925;&#x93E; &#x905;&#x928;&#x94D;&#x92F; &#x936;&#x94D;&#x930;&#x947;&#x937;&#x94D;&#x920; &#x915;&#x939;&#x93E;&#x928;&#x93F;&#x92F;&#x93E;&#x901;/</subfield>
    <subfield code="c">&#x907;&#x928;&#x94D;&#x926;&#x941; &#x92C;&#x93E;&#x932;&#x940;</subfield>
  </datafield>
  <datafield tag="260" ind1=" " ind2=" ">
    <subfield code="a">&#x928;&#x908; &#x926;&#x93F;&#x932;&#x94D;&#x932;&#x940;</subfield>
    <subfield code="b">&#x907;&#x902;&#x921;&#x93F;&#x92F;&#x93E; &#x921;&#x93F;&#x91C;&#x940;&#x91F;&#x932; &#x92A;&#x92C;&#x94D;&#x932;&#x93F;&#x936;&#x930;&#x94D;&#x938;</subfield>
    <subfield code="c">2008</subfield>
  </datafield>
  <datafield tag="270" ind1=" " ind2=" ">
    <subfield code="a">&#x930;&#x947;&#x92F;&#x930; &#x92A;&#x94B;&#x930;&#x94D;&#x936;&#x928;, &#x921;&#x92C;&#x94D;&#x932;&#x94D;&#x92F;&#x942;-116, &#x917;&#x94D;&#x930;&#x947;&#x91F;&#x930; &#x915;&#x948;&#x932;&#x93E;&#x936;, &#x92A;&#x93E;&#x930;&#x94D;&#x91F;-1</subfield>
    <subfield code="b">&#x928;&#x908; &#x926;&#x93F;&#x932;&#x94D;&#x932;&#x940;</subfield>
    <subfield code="c">&#x926;&#x93F;&#x932;&#x94D;&#x932;&#x940;</subfield>
    <subfield code="e">110048</subfield>
  </datafield>
  <datafield tag="300" ind1=" " ind2=" ">
    <subfield code="a">223&#x92A;&#x943;</subfield>
    <subfield code="c">22 &#x938;&#x947;&#x92E;&#x940; (&#x938;&#x91C;&#x93F;&#x932;&#x94D;&#x926;)</subfield>
  </datafield>
  <datafield tag="650" ind1=" " ind2=" ">
    <subfield code="a">&#x939;&#x93F;&#x928;&#x94D;&#x926;&#x940;  &#x915;&#x939;&#x93E;&#x928;&#x93F;&#x92F;&#x93E;&#x901;</subfield>
  </datafield>
  <datafield tag="650" ind1=" " ind2=" ">
    <subfield code="a">Hindi   Stories</subfield>
  </datafield>
  <datafield tag="942" ind1=" " ind2=" ">
    <subfield code="a">dpl</subfield>
    <subfield code="c">HN</subfield>
    <subfield code="k">&#x915; / &#x92C;&#x93E;&#x932;&#x940;&#x907;</subfield>
    <subfield code="2">ddc</subfield>
    <subfield code="h">&#x915;</subfield>
    <subfield code="m">&#x92C;&#x93E;&#x932;&#x940;&#x907;</subfield>
  </datafield>
  <datafield tag="999" ind1=" " ind2=" ">
    <subfield code="c">12297</subfield>
    <subfield code="d">12297</subfield>
  </datafield>
  <datafield tag="952" ind1=" " ind2=" ">
    <subfield code="0">0</subfield>
    <subfield code="1">0</subfield>
    <subfield code="2">ddc</subfield>
    <subfield code="4">0</subfield>
    <subfield code="7">0</subfield>
    <subfield code="8">FIC</subfield>
    <subfield code="a">VP</subfield>
    <subfield code="b">VP</subfield>
    <subfield code="d">2009-03-05</subfield>
    <subfield code="e">dbad / dup</subfield>
    <subfield code="g">300.00</subfield>
    <subfield code="l">6</subfield>
    <subfield code="m">1</subfield>
    <subfield code="o">&#x915; &#x92C;&#x93E;&#x932;&#x940;&#x907; </subfield>
    <subfield code="p">B-317742</subfield>
    <subfield code="r">2018-03-14 00:00:00</subfield>
    <subfield code="s">2018-02-28</subfield>
    <subfield code="t">1</subfield>
    <subfield code="v">300.00</subfield>
    <subfield code="w">2009-03-05</subfield>
    <subfield code="y">HN</subfield>
  </datafield>
  <datafield tag="952" ind1=" " ind2=" ">
    <subfield code="0">0</subfield>
    <subfield code="1">0</subfield>
    <subfield code="2">ddc</subfield>
    <subfield code="4">0</subfield>
    <subfield code="7">0</subfield>
    <subfield code="8">FIC</subfield>
    <subfield code="a">L</subfield>
    <subfield code="b">L</subfield>
    <subfield code="d">2009-04-09</subfield>
    <subfield code="e">&#x907;&#x902;&#x921;&#x93F;&#x92F;&#x93E; &#x921;&#x93F;&#x91C;&#x940;&#x91F;&#x932; &#x92A;&#x92C;&#x94D;&#x932;&#x93F;/01./8.9.08/223/4.9.08/16.9.08</subfield>
    <subfield code="g">300.00</subfield>
    <subfield code="l">0</subfield>
    <subfield code="o">&#x915; &#x92C;&#x93E;&#x932;&#x940;&#x907;</subfield>
    <subfield code="p">B-286579</subfield>
    <subfield code="r">2009-04-09 00:00:00</subfield>
    <subfield code="t">1</subfield>
    <subfield code="v">300.00</subfield>
    <subfield code="w">2009-04-09</subfield>
    <subfield code="y">HN</subfield>
  </datafield>
  <datafield tag="952" ind1=" " ind2=" ">
    <subfield code="0">0</subfield>
    <subfield code="1">0</subfield>
    <subfield code="2">ddc</subfield>
    <subfield code="4">0</subfield>
    <subfield code="7">0</subfield>
    <subfield code="8">FIC</subfield>
    <subfield code="a">M</subfield>
    <subfield code="b">M</subfield>
    <subfield code="d">2009-04-09</subfield>
    <subfield code="e">&#x907;&#x902;&#x921;&#x93F;&#x92F;&#x93E; &#x921;&#x93F;&#x91C;&#x940;&#x91F;&#x932; &#x92A;&#x92C;&#x94D;&#x932;&#x93F;/01./8.9.08/223/4.9.08/16.9.08</subfield>
    <subfield code="g">300.00</subfield>
    <subfield code="l">0</subfield>
    <subfield code="o">&#x915; &#x92C;&#x93E;&#x932;&#x940;&#x907;</subfield>
    <subfield code="p">B-286580</subfield>
    <subfield code="r">2009-04-09 00:00:00</subfield>
    <subfield code="t">2</subfield>
    <subfield code="v">300.00</subfield>
    <subfield code="w">2009-04-09</subfield>
    <subfield code="y">HN</subfield>
  </datafield>
  <datafield tag="952" ind1=" " ind2=" ">
    <subfield code="0">0</subfield>
    <subfield code="1">0</subfield>
    <subfield code="2">ddc</subfield>
    <subfield code="4">0</subfield>
    <subfield code="7">0</subfield>
    <subfield code="8">FIC</subfield>
    <subfield code="a">M</subfield>
    <subfield code="b">M</subfield>
    <subfield code="d">2009-04-09</subfield>
    <subfield code="e">&#x907;&#x902;&#x921;&#x93F;&#x92F;&#x93E; &#x921;&#x93F;&#x91C;&#x940;&#x91F;&#x932; &#x92A;&#x92C;&#x94D;&#x932;&#x93F;/01./8.9.08/223/4.9.08/16.9.08</subfield>
    <subfield code="g">300.00</subfield>
    <subfield code="l">0</subfield>
    <subfield code="o">&#x915; &#x92C;&#x93E;&#x932;&#x940;&#x907;</subfield>
    <subfield code="p">B-286581</subfield>
    <subfield code="r">2009-04-09 00:00:00</subfield>
    <subfield code="t">2</subfield>
    <subfield code="v">300.00</subfield>
    <subfield code="w">2009-04-09</subfield>
    <subfield code="y">HN</subfield>
  </datafield>
  <datafield tag="952" ind1=" " ind2=" ">
    <subfield code="0">0</subfield>
    <subfield code="1">0</subfield>
    <subfield code="2">ddc</subfield>
    <subfield code="4">0</subfield>
    <subfield code="7">0</subfield>
    <subfield code="8">FIC</subfield>
    <subfield code="a">NPL</subfield>
    <subfield code="b">NPL</subfield>
    <subfield code="d">2009-04-09</subfield>
    <subfield code="e">&#x907;&#x902;&#x921;&#x93F;&#x92F;&#x93E; &#x921;&#x93F;&#x91C;&#x940;&#x91F;&#x932; &#x92A;&#x92C;&#x94D;&#x932;&#x93F;/01./8.9.08/223/4.9.08/16.9.08</subfield>
    <subfield code="g">300.00</subfield>
    <subfield code="l">0</subfield>
    <subfield code="o">&#x915; &#x92C;&#x93E;&#x932;&#x940;&#x907;</subfield>
    <subfield code="p">B-286582</subfield>
    <subfield code="r">2009-04-09 00:00:00</subfield>
    <subfield code="t">1</subfield>
    <subfield code="v">300.00</subfield>
    <subfield code="w">2009-04-09</subfield>
    <subfield code="y">HN</subfield>
  </datafield>
  <datafield tag="952" ind1=" " ind2=" ">
    <subfield code="0">0</subfield>
    <subfield code="1">0</subfield>
    <subfield code="2">ddc</subfield>
    <subfield code="4">0</subfield>
    <subfield code="7">0</subfield>
    <subfield code="8">FIC</subfield>
    <subfield code="a">BL1</subfield>
    <subfield code="b">BL1</subfield>
    <subfield code="d">2009-04-09</subfield>
    <subfield code="e">&#x907;&#x902;&#x921;&#x93F;&#x92F;&#x93E; &#x921;&#x93F;&#x91C;&#x940;&#x91F;&#x932; &#x92A;&#x92C;&#x94D;&#x932;&#x93F;/01./8.9.08/223/4.9.08/16.9.08</subfield>
    <subfield code="g">300.00</subfield>
    <subfield code="l">2</subfield>
    <subfield code="o">&#x915; &#x92C;&#x93E;&#x932;&#x940;&#x907;</subfield>
    <subfield code="p">B-286583</subfield>
    <subfield code="r">2021-02-10 00:00:00</subfield>
    <subfield code="s">2021-01-18</subfield>
    <subfield code="t">1</subfield>
    <subfield code="v">300.00</subfield>
    <subfield code="w">2009-04-09</subfield>
    <subfield code="y">HN</subfield>
  </datafield>
  <datafield tag="952" ind1=" " ind2=" ">
    <subfield code="0">1</subfield>
    <subfield code="1">0</subfield>
    <subfield code="2">ddc</subfield>
    <subfield code="4">0</subfield>
    <subfield code="7">0</subfield>
    <subfield code="8">FIC</subfield>
    <subfield code="a">ZLS</subfield>
    <subfield code="b">ZLS</subfield>
    <subfield code="d">2009-04-09</subfield>
    <subfield code="e">&#x907;&#x902;&#x921;&#x93F;&#x92F;&#x93E; &#x921;&#x93F;&#x91C;&#x940;&#x91F;&#x932; &#x92A;&#x92C;&#x94D;&#x932;&#x93F;/01./8.9.08/223/4.9.08/16.9.08</subfield>
    <subfield code="g">300.00</subfield>
    <subfield code="l">11</subfield>
    <subfield code="m">1</subfield>
    <subfield code="o">&#x915; &#x92C;&#x93E;&#x932;&#x940;&#x907;</subfield>
    <subfield code="p">B-286584</subfield>
    <subfield code="r">2010-06-28 00:00:00</subfield>
    <subfield code="s">2010-06-18</subfield>
    <subfield code="t">1</subfield>
    <subfield code="v">300.00</subfield>
    <subfield code="w">2009-04-09</subfield>
    <subfield code="y">HN</subfield>
  </datafield>
  <datafield tag="952" ind1=" " ind2=" ">
    <subfield code="0">4</subfield>
    <subfield code="1">0</subfield>
    <subfield code="2">ddc</subfield>
    <subfield code="4">0</subfield>
    <subfield code="7">0</subfield>
    <subfield code="8">FIC</subfield>
    <subfield code="a">BL3</subfield>
    <subfield code="b">BL3</subfield>
    <subfield code="d">2009-04-09</subfield>
    <subfield code="e">&#x907;&#x902;&#x921;&#x93F;&#x92F;&#x93E; &#x921;&#x93F;&#x91C;&#x940;&#x91F;&#x932; &#x92A;&#x92C;&#x94D;&#x932;&#x93F;/01./8.9.08/223/4.9.08/16.9.08</subfield>
    <subfield code="g">300.00</subfield>
    <subfield code="l">0</subfield>
    <subfield code="o">&#x915; &#x92C;&#x93E;&#x932;&#x940;&#x907;</subfield>
    <subfield code="p">B-286585</subfield>
    <subfield code="r">2009-04-09 00:00:00</subfield>
    <subfield code="t">1</subfield>
    <subfield code="v">300.00</subfield>
    <subfield code="w">2009-04-09</subfield>
    <subfield code="y">HN</subfield>
    <subfield code="z">Written off on approval by DLB (By Circulation); dtd 20.12.2022</subfield>
  </datafield>
  <datafield tag="952" ind1=" " ind2=" ">
    <subfield code="0">0</subfield>
    <subfield code="1">0</subfield>
    <subfield code="2">ddc</subfield>
    <subfield code="4">0</subfield>
    <subfield code="7">0</subfield>
    <subfield code="8">FIC</subfield>
    <subfield code="a">BL4</subfield>
    <subfield code="b">BL4</subfield>
    <subfield code="d">2009-04-09</subfield>
    <subfield code="e">&#x907;&#x902;&#x921;&#x93F;&#x92F;&#x93E; &#x921;&#x93F;&#x91C;&#x940;&#x91F;&#x932; &#x92A;&#x92C;&#x94D;&#x932;&#x93F;/01./8.9.08/223/4.9.08/16.9.08</subfield>
    <subfield code="g">300.00</subfield>
    <subfield code="l">1</subfield>
    <subfield code="o">&#x915; &#x92C;&#x93E;&#x932;&#x940;&#x907;</subfield>
    <subfield code="p">B-286586</subfield>
    <subfield code="r">2021-07-13 00:00:00</subfield>
    <subfield code="s">2021-07-08</subfield>
    <subfield code="t">1</subfield>
    <subfield code="v">300.00</subfield>
    <subfield code="w">2009-04-09</subfield>
    <subfield code="y">HN</subfield>
  </datafield>
</record>
